| 000 | 00997nam a2200265 i 4500 | ||
|---|---|---|---|
| 001 | 188912 | ||
| 003 | ES-MaACL | ||
| 005 | 20250526063015.0 | ||
| 008 | 190226s2012 xxk |||| | eng d | ||
| 020 | _a978-0571-24985-5 | ||
| 080 | _a821.133.1-1"19" | ||
| 100 | 1 |
_aBeckett, Samuel, _d1906-1989 _9240713 |
|
| 245 | 1 | 4 |
_aThe collected poems of Samuel Beckett _b: a critical edition / _cedited by Seán Lawlor and John Pilling. |
| 260 |
_aLondon : _bFaber and Faber, _c2012. |
||
| 300 |
_aXX, 499 p. ; _c22 cm. |
||
| 500 | _aÍndice. | ||
| 504 | _aBibliografía: p. 479-489. | ||
| 600 | 1 | 7 |
_aBeckett, Samuel, _d1906-1989- _xCrítica e interpretación _2 _9165980 |
| 700 | 1 |
_aLawlor, Seán ( _d1948-2011) _9166473 |
|
| 700 | 1 |
_aPilling, John ( _d1946-) _9166474 |
|
| 852 |
_aES-MaACL _jA-14408 _9196046 _bR.151791 _cDEPO1 _dOlim: N-7408 _hDonación: Embajada de Irlanda |
||
| 914 |
_9234032 _aEmbajada de Irlanda en España _ednr |
||
| 942 |
_2udc _cMONOGRAFIA |
||
| 999 |
_c188912 _d188912 |
||